000 00496nam a2200169 i 4500
001 82775
003 ES-MaACL
005 20230906174729.0
007 t|
008 041111s1971 sp ||||1| spa d
245 0 3 _aLa institución del análisis /
_c[traducción, Teresa Ferrer y Ramón García].
260 _a[Barcelona] :
_bAnagrama,
_c[1971]
300 _a111 p. ;
_c18 cm.
700 1 _aFerrer, Teresa.
_950436
700 1 _aGarcía, Ramón.
_954089
852 _aES-MaACL
_jC-47595
_bR.80295
999 _c82775
_d82775